| 000 | 01168nam a22002657a 4500 | ||
|---|---|---|---|
| 003 | 0 | ||
| 005 | 20251020135700.0 | ||
| 008 | 251020b xxu||||| |||| 00| 0 eng d | ||
| 020 | _a978-0-14-313077-2 | ||
| 050 |
_aBJ 1594.5.K6 _b.S86 2017 |
||
| 100 |
_aHaemin, Sunim, _eauthor. |
||
| 245 |
_aThe things you can see only when you slow down : _bhow to be calm in a busy world / _cHaemin Sunim ; translated by Chi-Young Kim and Haemin Sunim ; artwork by Youngcheol Lee. _ |
||
| 260 |
_aLondon : _bPenguin Books, _c2017. |
||
| 300 |
_a267 pages : _bcolor illustrations ; _c19 cm |
||
| 500 | _aOriginally published in Korean as "Mwo-rago malhal-gga haneun geotdeul-ege" in 2012. Includes artwork by Youngcheol Lee. | ||
| 504 | _aIncludes bibliographical references. | ||
| 520 | _aA guide to mindfulness and finding calm in the midst of a busy world, offering spiritual and practical advice for everyday life. | ||
| 650 | _aMindfulness (Psychology). | ||
| 650 | _aConduct of life. | ||
| 650 | _aSpiritual life. | ||
| 700 |
_aKim, Chi-Young, _etranslator. |
||
| 700 |
_aLee, Youngcheol, _e illustrator. |
||
| 710 |
_aPenguin Books, _epublisher. |
||
| 942 |
_2lcc _cBK |
||
| 999 |
_c368287 _d368287 |
||